000 00383nam a22001697a 4500
005 20160530110615.0
008 160530b xxu||||| |||| 00| 0 eng d
020 _a0-07-058234-3
041 _aeng
082 _b5997
100 _aHowkens, Prest & Coney
_91496
245 _aConsumer Behaviour
260 _bTMH
_c2003
300 _a763
650 _aManagement
_9241
942 _cBK
999 _c2116
_d2115